Trenerzy którzy wygrali Mistrzostwa Europy - Statystyki

Ogólne statystyki
  • Ten quiz został rozwiązany 84 razy
  • Średni wynik to 4 z 16
Statystyki odpowiedzi
Rok Reprezentacja Trener % Poprawnych
2016 Portugalia Santos
91%
2020 Włochy Mancini
84%
2012 Hiszpania del Bosque
81%
2008 Hiszpania Aragones
47%
2004 Grecja Rehhagel
29%
1988 Holandia Michels
16%
1996 Niemcy Vogts
15%
2000 Francja Lemerre
14%
1992 Dania Nielsen
11%
1984 Francja Hidalgo
10%
1972 Niemcy Schon
10%
1980 Niemcy Derwall
8%
1976 Czechosłowacja Jezek
6%
1968 Włochy Valcareggi
5%
1960 ZSRR Kachalin
4%
1964 Hiszpania Villalonga
3%
Nie znaleziono quizów pasujących do podanych kryteriów
Rozkład punktacji
Procent ludzi z każdym wynikiem
Percentyl według liczby udzielonych odpowiedzi
Twoja historia wyników
Nie rozwiązałeś tego quizu